Western architecture (Record no. 83099)

MARC details
000 -LEADER
fixed length control field 01470nam a2200229 a 4500
008 - FIXED-LENGTH DATA ELEMENTS--GENERAL INFORMATION
fixed length control field 120416s0000 ||||||||||||||||| || u
020 ## - INTERNATIONAL STANDARD BOOK NUMBER
International Standard Book Number 0500200874
050 ## - LIBRARY OF CONGRESS CALL NUMBER
Classification number NA 260 Jor
100 ## - MAIN ENTRY--PERSONAL NAME
Personal name Jordan, R. Furneux
245 10 - TITLE STATEMENT
Title Western architecture
246 ## -
-- a concise history
260 ## - PUBLICATION, DISTRIBUTION, ETC.
Place of publication, distribution, etc. London
Name of publisher, distributor, etc. THamed and Hudson
Date of publication, distribution, etc. 1969
300 ## - PHYSICAL DESCRIPTION
Extent 359p. : ill.
350 ## -
-- 0.00
995 ## -
-- TEXTBOOKS (SBE)
-- 0.00
-- 5415
-- CBU-SCHOOL TEXTBOOK COLLECTIONS
-- 1
-- 0.00
-- SCHOOL TEXTBOOK
-- 5
-- AVAILABLE
-- Sep 8, 2009
-- 5415
-- School Collections
995 ## -
-- MAIN LIBRARY OPEN ACCESS
-- 0.00
-- 718074
-- CBU-MAIN LIBRARY (Kitwe)
-- 1
-- 3.95
-- NA 260 Jor
-- AVAILABLE
-- 009840
-- Main Library Open Access Collection
995 ## -
-- TEXTBOOKS (SBE)
-- 0.00
-- 5414
-- CBU-SCHOOL TEXTBOOK COLLECTIONS
-- 1
-- 0.00
-- SCHOOL TEXTBOOK
-- 4
-- AVAILABLE
-- Sep 8, 2009
-- 5414
-- School Collections
995 ## -
-- TEXTBOOKS (SBE)
-- 0.00
-- 5413
-- CBU-SCHOOL TEXTBOOK COLLECTIONS
-- 1
-- 0.00
-- SCHOOL TEXTBOOK
-- 3
-- AVAILABLE
-- Sep 8, 2009
-- 5413
-- School Collections
995 ## -
-- TEXTBOOKS (SBE)
-- 0.00
-- 5416
-- CBU-SCHOOL TEXTBOOK COLLECTIONS
-- 1
-- 0.00
-- SCHOOL TEXTBOOK
-- 6
-- AVAILABLE
-- Sep 8, 2009
-- 5416
-- School Collections
995 ## -
-- MAIN LIBRARY OPEN ACCESS
-- 0.00
-- 719397
-- CBU-MAIN LIBRARY (Kitwe)
-- 2
-- 3.95
-- NA 260 Jor
-- 1
-- AVAILABLE
-- 009839
-- Main Library Open Access Collection
995 ## -
-- TEXTBOOKS (SBE)
-- 0.00
-- 5417
-- CBU-SCHOOL TEXTBOOK COLLECTIONS
-- 1
-- 0.00
-- SCHOOL TEXTBOOK
-- 7
-- AVAILABLE
-- Sep 8, 2009
-- 5417
-- School Collections
999 ## -
-- 83099
-- 83099
Holdings
Withdrawn status Lost status Source of classification or shelving scheme Damaged status Not for loan Permanent Location Current Location Shelving location Date acquired Total Checkouts Full call number Barcode Date last seen Copy number Price effective from Koha item type
          CBU-MAIN LIBRARY, KITWE. CBU-MAIN LIBRARY, KITWE.   10/25/2023   NA 260 Jor 009840 10/25/2023 2 10/25/2023 MONOGRAPH
          CBU-MAIN LIBRARY, KITWE. CBU-MAIN LIBRARY, KITWE.   10/25/2023   NA 260 Jor 009839 10/25/2023 6 10/25/2023 MONOGRAPH
          CBU-SCHOOL TEXT BOOK COLLECTION CBU-SCHOOL TEXT BOOK COLLECTION   10/25/2023   SCHOOL TEXTBOOK 5415 10/25/2023 1 10/25/2023 MONOGRAPH
          CBU-SCHOOL TEXT BOOK COLLECTION CBU-SCHOOL TEXT BOOK COLLECTION   10/25/2023   SCHOOL TEXTBOOK 5414 10/25/2023 3 10/25/2023 MONOGRAPH
          CBU-SCHOOL TEXT BOOK COLLECTION CBU-SCHOOL TEXT BOOK COLLECTION   10/25/2023   SCHOOL TEXTBOOK 5413 10/25/2023 4 10/25/2023 MONOGRAPH
          CBU-SCHOOL TEXT BOOK COLLECTION CBU-SCHOOL TEXT BOOK COLLECTION   10/25/2023   SCHOOL TEXTBOOK 5416 10/25/2023 5 10/25/2023 MONOGRAPH
          CBU-SCHOOL TEXT BOOK COLLECTION CBU-SCHOOL TEXT BOOK COLLECTION   10/25/2023   SCHOOL TEXTBOOK 5417 10/25/2023 7 10/25/2023 MONOGRAPH